MDQL
is popping MORE tags! Check the
thread
!
Quizzes
Events
Quiz Creation
Community
Videos
Private Events
Remove Ads
Sign In
Join for FREE
Feedback
Dark Mode
Quiz Categories
Sports
Geography
Music
Movies
Television
Just For Fun
Miscellaneous
History
Literature
Language
Science
Gaming
Entertainment
Religion
Holiday
For Kids
Quiz Lab
Recent
Popular Today
Quiz Kudos Today
Editor Picks
Curator Picks
Quizzes by...
Day
Popularity
Type
Ratings
Length
Year
Community
Subscriptions
Recent Discussions
Orange Saloon
Badges
Playlists
Quests
Create
Leaderboards
Showdown
Live 5
Trivia Bingo
Activity
Puzzle Library
Sporcle Events
Private Events
Virtual Trivia
Globe League
Become a Host
Pub Owners
SporcleCon
Opinionation
Our Games
Videos
Blog
Mobile Apps
Partnerships
Remove Ads and Go Orange
Feedback
Sports
Athletes
MLB
NBA
NHL
NFL
Soccer
Sports Teams
WWE
NCAA
Football
Premier League
Basketball
Baseball
Hockey
Golf
Tennis
Cricket
Rugby
Auto Racing
Olympics
World Cup
Sports
Athletes
MLB
NBA
NHL
NFL
Soccer
Sports Teams
WWE
NCAA
Football
Premier League
Basketball
Baseball
Hockey
Golf
Tennis
Cricket
Rugby
Auto Racing
Olympics
World Cup
Random Quiz
Search Sporcle
×
Quiz Lab
Quiz Lab
Sports
NCAA
Type in answers that appear in a list
Type in answers that appear in a list
Classic
Best Score? Go Orange.
NCAA March Madness Champions Stats
Can you name the NCAA March Madness Champions?
By
brandtscole
15m
77 Questions
41 Plays
41 Plays
41 Plays
Comments
Comments
Give Quiz Kudos
Give Quiz Kudos
-
- Ratings
hide this ad
Forced Order
Answers have to be entered in order
Answers have to be entered in order
Replay
Link that replays current quiz
Next Quiz
Link to next quiz in quiz playlist
You Got
0%
They Got
Avg Score
71%
Avg Friend Score
Upgrade to see
Score Distribution
Jump to the score distribution portion of the page
Score
0/77
Timer
15:00
0
Plays Today
Year
Champions
% Correct
2010
Duke
92.7%
1982
UNC
90.2%
2000
Michigan St
90.2%
2004
uconn
90.2%
2008
Kansas
90.2%
2015
Duke
90.2%
1985
Villanova
87.8%
2001
Duke
87.8%
2006
Florida
87.8%
2007
Florida
87.8%
2009
UNC
87.8%
2011
uconn
87.8%
2012
Kentucky
87.8%
2014
uconn
87.8%
1967
UCLA
85.4%
1968
UCLA
85.4%
1969
UCLA
85.4%
1970
UCLA
85.4%
1971
UCLA
85.4%
1972
UCLA
85.4%
1973
UCLA
85.4%
1979
Michigan St
85.4%
1997
Arizona
85.4%
2003
Syracuse
85.4%
2005
UNC
85.4%
2013
Louisville
85.4%
1984
Georgetown
82.9%
1990
UNLV
82.9%
1992
Duke
82.9%
1993
UNC
82.9%
1998
Kentucky
82.9%
1975
UCLA
80.5%
1989
Michigan
80.5%
1991
Duke
80.5%
1995
UCLA
80.5%
1999
uconn
80.5%
2002
Maryland
80.5%
1939
Oregon
78%
1966
Texas Western
78%
Year
Champions
% Correct
1976
Indiana
78%
1983
North Carolina St
78%
1994
Arkansas
78%
1965
UCLA
75.6%
1986
Louisville
75.6%
1987
Indiana
75.6%
1988
Kansas
75.6%
1996
Kentucky
75.6%
1964
UCLA
73.2%
1977
Marquette
73.2%
1980
Louisville
73.2%
1981
Indiana
73.2%
1961
Cincinnati
68.3%
1978
Kentucky
68.3%
1962
Cincinnati
65.9%
1974
North Carolina St
61%
1955
San Francisco
56.1%
1956
San Francisco
56.1%
1958
Kentucky
56.1%
1941
Wisconsin
53.7%
1948
Kentucky
53.7%
1951
Kentucky
53.7%
1957
UNC
53.7%
1960
Ohio St
53.7%
1940
Indiana
51.2%
1949
Kentucky
51.2%
1950
CCNY
48.8%
1959
California
48.8%
1963
Loyola
48.8%
1943
Wyoming
46.3%
1946
Oklahoma A&M
46.3%
1945
Oklahoma A&M
43.9%
1947
Holy Cross
41.5%
1952
Kansas
39%
1953
Indiana
39%
1954
La Salle
39%
1942
Stanford
36.6%
1944
Utah
34.1%
Quiz Playlist
Details
Report
Send in Message
Add To Playlist
Classic:
Type in answers that appear in a list
Forced Order:
Answers have to be entered in order
Last Updated: Feb 16, 2017
Quiz Scoreboard
CHALLENGE
Sign Up to Join the Scoreboard
Show All
Scores
Hide
Comments
May contain spoilers
Recently Published
Street Fighter Characters
by Artimus82
Gaming
60s
9x9 Crossword: Cartoon Network
by jackfrog10
Miscellaneous
3m
College Basketball Coaching Resumes
by pancakes188
Sports
9m
More to Explore
Quiz From the Vault
Featured Blog Post
Where Did the Easter Bunny Come From?
hide this ad
You Might Also Like...
Tags
NCAA Quiz
champion
madness
March
Runner-up
Today's Top Quizzes in Sports
Browse Sports
hide this ad
Today's Top Quizzes in NCAA
Browse NCAA
Top Contributed Quizzes in Sports
1
2022 World Cup Stars
2
Les meilleurs buteurs des matchs entre le PSG et l’OM
3
FIFA Club World Cup Champions
4
Les entraîneurs de l'OM et du PSG au 21e siècle
5
Criteria MLB: Left Handed Sluggers
6
2023 MLB Unique Player Accomplishments
7
AFC Teams Reveal (Wrong Answers Minefield)
8
5-to-1: FBS Animal Nicknames
9
Players with Multiple 50 Home Run Seasons
10
5-to-1: UK Sports Teams
Explore More
Trending Topics
Crossword
Kpop
Harry Potter
Marvel
NBA
Anime
Disney
Country
Pokémon
The Office
WWE
Soccer
Song
Puzzle
NFL
hide this ad
More By:
brandtscole
Quiz
Plays
Rating
Category
Featured
Created
NCAA March Madness Champions
41
Sports
Mar 28, 2016
Go to Creator's Profile
Score Distribution
Quiz Creator Spotlight
brandtscole
Follow
Send a Message
Quizzes Created
-
Created Quiz Play Count
-
More By This Creator
Popular Quizzes Today
1
Find the US States - No Outlines Minefield
2
Find the Countries of Europe - No Outlines Minefield
3
The Countries of the World
4
Find the US States
5
Risky Map Clicking: Biggest States A-Z
6
US States
7
Popular People in 1961
8
Movies - When Are They Set?
More Sports Quizzes
European Leagues Blitz (Hard)
Quiz Lab
Trending Quizzes
Risky Map Clicking: Least Populous States A-Z
Countries of the World: 200 Million BC
1-10 Letter G Words
Risky Map Clicking: Next State Alphabetically
Adjectives in 80s TV Shows
Recently Updated
Leaping Animals
pecheneg
Reality TV Shows (A-Z)
bhenderson79
Rickey Henderson's Hall of Fame Teammates
pecheneg
Champions League XIs: Arsenal
pecheneg
Quick Pick: Celebrities in WWE's Hall of Fame
aduchscher
A-Z Keypad Blitz II
pecheneg
Multiple Oscar Actors
pecheneg
Mystery Phrase Blitz: Oscar 'Best Actors'
pecheneg
F. Scott Fitzgerald Novels
LTH
Pick 3 Villains
ddd62291
Trending Topics
Marvel
Disney
Anime
Kpop
Crossword
NBA
Harry Potter
Puzzle
WWE
NFL
Pokémon
Song
The Office
Soccer
Country
Your Account Isn't Verified!
In order to create a playlist on Sporcle, you need to verify the email address you used during registration. Go to your
Sporcle Settings
to finish the process.
Report this User
Report this user for behavior that violates our
Community Guidelines
.
Details:
Send Report
Go to the Sporcle.com Mobile Site →
Comments